000 00500nam a2200181Ia 4500
005 20240719015439.0
008 240331s9999 xx 000 0 und d
020 _a9559576704
082 _a282
_bCHA
100 _aChandrakanthan, A.J.V
245 0 _aCatholic revival in post-colonial Sri Lanka :
_ba critique ecclesial contextualizaion
260 _aEngland
_bEmlyn Publishers
_c1995
300 _axxxv, 260 p .,
650 _aTheological
650 _aReligion
650 _aPolitical
942 _cL
999 _c840
_d840